000 01269cam a2200229 4500
001 J122485
008 030530n2000 000 0 eng u
035 _a(Sirsi) u122485
041 _aeng
050 _a333.332
_c18
110 _aUnited Kingdom
_bDepartment of the Environment, Transport and the Regions
_93507
245 _aBuyers and sellers perspectives of home information packs in low demand low value housing markets
260 _aLondon
_bDETR
_c2000
490 _aDETR Housing Research Summary
_v130
520 _aSummary of "Buyers and sellers perspectives of home information packs in low demand low value housing markets" (J122479) which presents case studies of the likely impact of home information packs (HIPs). The report forms a part of the OPDM home buying and selling policy website which outlines the development of the Housing Bill and HIPs. View at www.dclg.gov.uk.
650 _aHOME INFORMATION PACKS
650 _aPROPERTY-RESIDENTIAL PROPERTY-ACQUISITION AND DISPOSAL OF RESIDENTIAL PROPERTY
650 _aLOW VALUE PROPERTY
690 _aPROPERTY-RESIDENTIAL PROPERTY-RESIDENTIAL PROPERTY MARKET
856 _uhttps://www.housing.odpm.gov.uk/hbs/infopack/ldlv2/index.htm
_vView the full report on the ODPM website...
942 _n0
999 _c102859
_d102859